Guide to southern trees

Saved in:
Bibliografiske detaljer
Main Authors: Harrar, Ellwood Scott (Author), Harrar, Jacob George (Author)
Format: Bog
Sprog:engelsk
Udgivet: Nueva York Dover 1962
Udgivelse:2a. ed
Fag:
Tags: Tilføj Tag
Ingen Tags, Vær først til at tagge denne postø!

MARC

LEADER 00000nam a2200000 a 4500
001 UCV9548
003 CL-VaPUC
008 921123e19620000US |||||||||||||||||eng|d
082 0 4 |a 634.970973  |b HAR  |2 21 
100 0 |a Harrar, Ellwood Scott  |e author  |9 303567 
700 0 |a Harrar, Jacob George  |e author  |9 303568 
245 1 0 |a Guide to southern trees 
250 |a 2a. ed 
300 |a 709 p 
942 |c BK 
945 |d 19921123 00:00:00 
260 |a Nueva York  |b Dover  |c 1962 
650 0 |a Árboles   |x Identificación  |9 302872 
651 0 |a Estados Unidos  |9 255178 
583 |a last modification  |c 19921123 00:00:00  |k Rodrigo Vera 
999 |c 214865  |d 214863 
952 |0 0  |1 0  |4 0  |6 634_970973000000000_HAR_1962  |7 0  |8 P  |9 198667  |a BIBARQ  |b BIBARQ  |d 2019-11-14  |i 2660784  |o 634.970973 HAR 1962  |p 2660784  |r 2025-01-20  |w 2019-11-14  |y BK  |k ARQ